100 Biggest Cities of Algeria on a Map - Statistics

General Stats
  • This quiz has been taken 216 times
  • The average score is 18 of 100
Answers on the Map
Answers color-coded by a green-red scale on the quiz's map according to % correct below.
 
Answer Stats
Population City % Correct
2,364,230 Algiers
92%
803,329 Oran
90%
448,028 Constantine
78%
342,703 Annaba
61%
173,531 Tlemcen
51%
176,139 Béjaïa
49%
331,779 Blida
47%
81,752 Tamanrasset
47%
252,127 Sétif
45%
45,610 Tindouf
39%
104,312 Tizi Ouzou
39%
68,276 Adrar
37%
131,513 Jijel
37%
182,903 Skikda
37%
289,504 Batna
36%
165,241 Béchar
36%
162,885 Mostaganem
36%
204,661 Biskra
35%
155,134 Chlef
35%
265,833 Djelfa
35%
186,525 El Oued
33%
169,928 Ouargla
33%
210,146 Sidi bel Abbès
32%
178,915 Tiaret
31%
142,913 Ghardaïa
30%
194,461 Tébessa
30%
134,372 Laghouat
26%
108,629 Mascara
26%
120,004 Guelma
25%
145,441 Médéa
24%
132,975 M'Sila
24%
142,497 Saïda
24%
153,479 Souk Ahras
24%
68,545 Bouira
21%
123,255 Relizane
21%
63,251 Mila
20%
145,380 El Eulma
19%
158,812 Bordj Bou Arreridj
18%
111,787 Bou Saâda
18%
87,373 Maghnia
18%
70,810 Aïn Témouchent
16%
114,472 Khenchela
16%
143,270 Touggourt
16%
85,577 El Bayadh
15%
55,259 Aïn Defla
13%
66,084 Tissemsilt
12%
58,162 Arzew
11%
58,295 Larbaâ
11%
116,064 Aïn Béïda
9%
47,415 Aïn Sefra
9%
98,141 Barika
9%
67,201 Oum El Bouaghi
9%
93,585 Aflou
8%
98,107 Aïn Oussera
8%
57,162 Boufarik
8%
44,478 Hassi Messaoud
8%
65,043 Mécheria
8%
62,410 Mohammadia
8%
117,558 Rouïba
8%
57,344 El Meniaa
7%
80,512 Khemis Miliana
7%
97,091 Messaâd
7%
58,481 Ouled Djellal
7%
61,373 Sig
7%
49,376 Frenda
6%
61,643 Koléa
6%
65,371 Aïn M'lila
5%
60,170 Chettia
5%
46,266 Douéra
5%
58,572 El Guerrara
5%
90,122 El Khroub
5%
45,945 El Milia
5%
55,430 Oued Rhiou
5%
71,036 Sougueur
5%
60,426 Taher
5%
48,413 Guemar
4%
77,000 Hassi Bahbah
4%
53,700 Hassi Bounif
4%
66,856 Sidi Aïssa
4%
50,575 Tolga
4%
55,775 Berrouaghia
3%
56,398 Boudouaou
3%
45,300 Sedrata
3%
45,148 Sidi Amar
3%
70,749 Bir El Ater
2%
44,572 Bordj Menaïel
2%
83,603 Hamma Bouziane
2%
46,965 Khemis El Khechna
2%
51,451 Ksar Chellala
2%
59,634 Ksar El Boukhari
2%
47,312 Ouenza
2%
44,947 Ras El Oued
2%
48,804 Aïn Fakroun
1%
55,736 Aïn Touta
1%
54,495 Chelghoum Laïd
1%
66,160 Cheria
1%
51,665 En Nedjma
1%
51,207 Aïn Oulmane
0%
64,120 Ali Mendjeli
0%
43,985 Sour El Ghozlane
0%
No matching quizzes found
Score Distribution
Percent of People with Each Score
Percentile by Number Answered
Your Score History
You have not taken this quiz